|
|
|
|
| LEADER |
00000nab a2200000 a 4500 |
| 001 |
vtls011547129 |
| 003 |
SK-MaSNL |
| 005 |
20260305025609.0 |
| 008 |
160421|2016 xo m| 000 02slo |
| 015 |
|
|
|a SNBRB2016/04
|
| 038 |
|
|
|a DSZK
|
| 040 |
|
|
|a DSZK
|b slo
|c DSZK
|e AACR2
|
| 041 |
0 |
|
|a slo
|a hun
|
| 044 |
|
|
|a xo
|c SK
|
| 080 |
|
|
|a 796.071.2
|2 2011
|
| 245 |
0 |
0 |
|a Portréty žitnoostrovských olympionikov
|c [autor] (duc)
|
| 300 |
|
|
|b Fotogr.
|
| 546 |
|
|
|a Dvojjazyčné vydanie
|
| 600 |
1 |
7 |
|a Kmeť, Vladislav,
|d 1950-
|t A csallóközi olimpikonok arcképcsarnoka
|2 dszk
|9 1106422
|
| 610 |
2 |
7 |
|a Fórum inštitút pre výskum menšín (Šamorín, Slovensko)
|2 dszk
|9 84096
|
| 650 |
0 |
7 |
|a olympionici
|2 SNKPH
|9 77863
|
| 650 |
0 |
7 |
|a profily
|2 dszk
|9 28648
|
| 650 |
0 |
7 |
|a prezentácia
|2 dszk
|9 428364
|
| 651 |
|
7 |
|a Šamorín (Slovensko)
|2 SNKPH
|9 28925
|
| 651 |
|
7 |
|a Dunajská Streda (Slovensko : okres)
|2 SNKPH
|9 145813
|
| 773 |
0 |
|
|t Šamorín a okolie=Somorja és vidéke
|g Roč. XXVI, č. 3 (2016), s. 11
|x 1338-9068
|
| 852 |
|
|
|a DSZK
|b KIS3GCP
|
| 958 |
|
|
|a SK
|
| 999 |
|
|
|c 3306521
|d 3308451
|